Lecciones de lengua española. Segundo grado o curso medio. Libro del maestro
Gespeichert in:
| 1. Verfasser: | |
|---|---|
| Format: | keine Angabe |
| Sprache: | Spanisch |
| Erschienen: |
Barcelona
Bruño
|
| Katalog: | MANES: Suchergebnis im Bibliothekskatalog |
| Schulbuchspezifische Eigenschaften: |
|
| Tags: |
Tag hinzufügen
Keine Tags, Fügen Sie den ersten Tag hinzu!
|
| Hinzugefügt zu: | 26.04.2016 |
| Geändert in: | 20.11.2024 |
MARC
| LEADER | 000000000a22000000004500 | ||
|---|---|---|---|
| 001 | 00028 | ||
| 003 | OSt | ||
| 005 | 20241121020101.0 | ||
| 008 | 160427s sp ||||| |||| 00| 0 spa d | ||
| 040 | |c centro_manes | ||
| 100 | 1 | |9 6 |a Bruño, G. M. | |
| 691 | 0 | |a SE | |
| 245 | 0 | 0 | |a Lecciones de lengua española. Segundo grado o curso medio. Libro del maestro |
| 260 | 3 | |a Barcelona |b Bruño | |
| 300 | |a 416 p. |c 20x13 cm | ||
| 500 | |a Libro para formación de maestros. |a Portada y la encuadernación algo deterioradas. | ||
| 690 | 0 | |a LEN | |
| 942 | |2 ddc |c BK | ||
| 546 | |a España | ||
| 999 | |c 6002 |d 6002 | ||
| 999 | |c manes:6002 |d 6002 | ||